عرض عادي عرض مارك
  • Kelley, Jane,

مدخل إسم شخص

عدد التسجيلات المستخدمة في: 3

001 - رقم الضبط

  • حقل الضبط: 20084

003 - معرف رقم الضبط

  • حقل الضبط: OSt

005 - تاريخ ووقت أخر عملية

  • حقل الضبط: 20130129104109.0

008 - عناصر بيانات ثابتة الطول

  • حقل تحكم ثابت الطول: 130129|||a|||||| | ||| d

040 ## - مصدر الفهرسة

  • هيئة الفهرسة الأصلية: OSt
  • وكالة الكتابة: OSt

100 ## - مدخل -- أسم شخص

  • إسم شخص: Kelley, Jane,
  • تواريخ مرتبطة بالاسم: 1944-

670 ## - بيانات المصدر موجوده

  • الاستشهاد بالمصدر: Work cat.: (OSt)0: Weber, Janet. 20083, Health assessment in nursing /, c2010.